Un Joglar a la ruta del Bibliobús : dossier per a les escoles : programa de foment de la lectura al bibliobús dossier per a les escoles : programa de foment de la lectura al bibliobús
Descripción Física:
6 volums : il·lustracions ; 30 cm
Materias:
Bibliobús Cavall Bernat
; Bibliobús Montnegre
; Bibliobús La Mola
; Bibliobús Guilleries
; Bibliobús Pedraforca
; Bibliobús Tagamanent
; Bibliobusos -- Barcelona (Catalunya : Província)
; Lectura -- Animació
Idioma:
Catalán
MARC
| LEADER | 00000nam a2200000Ia 4500 | ||
|---|---|---|---|
| 001 | 20915, 20916, 20917 | ||
| 003 | Arxiu | ||
| 005 | 20260324181051.0 | ||
| 008 | 160829m20062007spcaxx s cat c | ||
| 040 | |a AGDB | ||
| 080 | |a FU-23-17, FU-23-18, FU-23-22 | ||
| 080 | |a FU-23-14, FU-23-15, FU-23-16 | ||
| 245 | 0 | 3 | |a Un Joglar a la ruta del Bibliobús : |b dossier per a les escoles : programa de foment de la lectura al bibliobús |b |
| 260 | |a Barcelona : |b Diputació de Barcelona. Àrea de Cultura. Servei de Biblioteques, |c 2006-2007 | ||
| 300 | |a 6 volums : |b il·lustracions ; |c 30 cm | ||
| 590 | |a Bibliografia. | ||
| 590 | |a Inclou reculls de premsa. | ||
| 590 | |a A la coberta: Bibliobús Cavall Bernat amb Pep López. Primavera 2007 | ||
| 590 | |a A la coberta: Bibliobús Pedraforca amb Pep López. Primavera 2006 | ||
| 590 | |a A la coberta: Bibliobús Tagamanent amb Pep López. Primavera 2006 | ||
| 590 | |a A la coberta: Bibliobús Guilleries amb Pep López. Primavera 2006 | ||
| 590 | |a A la coberta: Bibliobús La Mola amb Pep López. Primavera 2007 | ||
| 590 | |a A la coberta: Bibliobús Montegre amb Rah-mon Roma. Primavera 2007 | ||
| 610 | 2 | 0 | |a Bibliobús Cavall Bernat |9 52873 |
| 610 | 2 | 0 | |a Bibliobús Montnegre |9 52876 |
| 610 | 2 | 0 | |a Bibliobús La Mola |9 52878 |
| 610 | 0 | |a Bibliobús Guilleries |9 52665 | |
| 610 | 2 | 0 | |a Bibliobús Pedraforca |9 52872 |
| 610 | 2 | 0 | |a Bibliobús Tagamanent |9 52875 |
| 650 | 0 | |a Bibliobusos |9 30563 |z Barcelona (Catalunya : Província) | |
| 650 | |a Lectura |x Animació |9 38731 | ||
| 700 | |a López, Pep |9 43980 | ||
| 700 | |a Roma, Rah-mon |9 43984 | ||
| 710 | |9 4217 |a Barcelona (Catalunya : Província). |b Servei de Biblioteques | ||
| 866 | |a Montnegre | ||
| 866 | |a Cavall Bernat | ||
| 866 | |a La Mola | ||
| 866 | |a Guilleries | ||
| 866 | |a Tagamanent | ||
| 866 | |a Pedraforca | ||
| 901 | |a Arxiu | ||
| 942 | |n 1 |2 udc |c ARXIU | ||
| 952 | |0 0 |1 0 |4 0 |7 1 |9 51714 |a Arxiu |b Arxiu |d 2023-03-28 |h Guilleries |o FU-23-14 |p 20912 |r 2016-12-01 00:00:00 |w 2016-12-01 |y ARXIU | ||
| 952 | |0 0 |1 0 |4 0 |7 1 |9 51715 |a Arxiu |b Arxiu |d 2023-03-28 |h La Mola |o FU-23-22 |p 20917 |r 2016-12-01 00:00:00 |w 2016-12-01 |y ARXIU | ||
| 952 | |0 0 |1 0 |4 0 |6 FU2318 |7 1 |9 65825 |a Arxiu |b Arxiu |d 2023-03-28 |h Cavall Bernat |l 0 |o FU-23-18 |p 20916 |r 2023-03-28 00:00:00 |w 2023-03-28 |y ARXIU | ||
| 952 | |0 0 |1 0 |4 0 |6 FU2317 |7 1 |9 65826 |a Arxiu |b Arxiu |d 2023-03-28 |h Montnegre |l 0 |o FU-23-17 |p 20915 |r 2023-03-28 00:00:00 |w 2023-03-28 |y ARXIU | ||
| 952 | |0 0 |1 0 |4 0 |6 FU2315 |7 1 |9 65827 |a Arxiu |b Arxiu |d 2023-03-28 |h Tagamanent |l 0 |o FU-23-15 |p 20913 |r 2023-03-28 00:00:00 |w 2023-03-28 |y ARXIU | ||
| 952 | |0 0 |1 0 |4 0 |6 FU2316 |7 1 |9 65828 |a Arxiu |b Arxiu |d 2023-03-28 |h Pedraforca |l 0 |o FU-23-16 |p 20914 |r 2023-03-28 00:00:00 |w 2023-03-28 |y ARXIU | ||
| 999 | |c 55561 |d 55561 | ||